000 01134 a2200241 4500
001 48112
005 20260407155747.0
008 260407a2012 arg spa d
003 AR-UNSa-BCEJYS
040 _aAR-UNSa-BCEJYS
_bspa
_cAR-UNSa-BCEJYS
080 _a512
_xAlgebra
245 1 0 _aMatemáticas aplicadas a los negocios, las ciencias sociales y de la vida
020 _a978-607-481-604-4
250 _a5a. ed.
264 1 _aMéxico :
_bCengage Learning Editores
_c2012
300 _axxii, 914 p.
_c27 cm.
505 _a1. Fundamentos de álgebra - 2. Funciones y sus gráficas - 3. Funciones exponenciales y logarítmicas - 4. Matemáticas financieras - 5. Sistemas de ecuaciones lineales y matrices - 6. Programación lineal - 7. Conjuntos y probabilidades - 8. Temas adicionales en probabilidad - 9. La derivada - 10. Aplicaciones de la derivada - 11. Integración - 12. Cálculo de varias variables.
041 _aspa
942 _cBK
590 _aniveau_biblio:m niveau_hierar:0
100 1 _aTan, Soo Tang
856 4 1 _uhttps://www.biblioeco.unsa.edu.ar/pmb/images/libros/L127855.jpg
_yImagen de portada
_qimage/jpeg
999 _c4551
_d4551